Handwriting analysis of offline data for gender predication / (Record no. 540966)

000 -LEADER
fixed length control field 00500nam a22001577a 4500
020 ## - INTERNATIONAL STANDARD BOOK NUMBER
Qualifying information Hard Cover.
082 ## - DEWEY DECIMAL CLASSIFICATION NUMBER
Classification number 005
100 ## - MAIN ENTRY--PERSONAL NAME
Personal name Rasul, Asma Ghulam
245 ## - TITLE STATEMENT
Title Handwriting analysis of offline data for gender predication /
Statement of responsibility, etc. Asma Ghulam Rasul.
260 ## - PUBLICATION, DISTRIBUTION, ETC.
Place of publication, distribution, etc. Islamabad:
Name of publisher, distributor, etc. MCS - NUST,
Date of publication, distribution, etc. 2016.
300 ## - PHYSICAL DESCRIPTION
Extent 59 p. :
Other physical details ill. ;
Dimensions 30cm.
650 ## - SUBJECT ADDED ENTRY--TOPICAL TERM
Topical term or geographic name entry element Computer Science MS-Thesis.
700 ## - ADDED ENTRY--PERSONAL NAME
Personal name Dr. Hammad Afzal
942 ## - ADDED ENTRY ELEMENTS (KOHA)
Source of classification or shelving scheme
Koha item type Thesis
650 ## - SUBJECT ADDED ENTRY--TOPICAL TERM
-- 16114
700 ## - ADDED ENTRY--PERSONAL NAME
-- 35034
Holdings
Withdrawn status Lost status Source of classification or shelving scheme Damaged status Not for loan Permanent Location Current Location Shelving location Date acquired Total Checkouts Full call number Barcode Date last seen Price effective from Koha item type
          Central Library (CL) Central Library (CL) Thesis 11/13/2020   005 CL-T-1173 11/13/2020 11/13/2020 Thesis
© 2023 Central Library, National University of Sciences and Technology. All Rights Reserved.